African Geography By Letter C - Picture Quiz - Statistics

General Stats
  • This quiz has been taken 830 times
  • The average score is 13 of 18
Answer Stats
Picture Hint Answer % Correct
(animal) Crocodile
96%
Central African Republic
95%
(animal) Chimpanzee
94%
Cameroon
92%
Cape Verde
92%
{Congo} River
91%
(city) Casablanca
87%
Lake {Chad}
87%
(country) Comoros
85%
(city) Cape Town
82%
(city) Cairo
81%
{Canary} Islands
78%
(country) Cote d'Ivoire
72%
(city) Conacry
64%
(ethnic group) Copts
56%
(ancient city) Carthage
52%
(exclave) Cabinda
33%
{Chari} River
10%
No matching quizzes found
Score Distribution
Percent of People with Each Score
Percentile by Number Answered
Your Score History
You have not taken this quiz